000 00260nam a22000977a 4500
999 _c11799
_d11799
008 200217b ||||| |||| 00| 0 eng d
020 _a0570060532
100 _aKramer Janice
_97480
245 _aDonkey Daniel
260 _aMissouri
_bConcordia Publishing House
_c1970